书目信息 |
| 题名: |
大长征
|
|
| 作者: | 李庆山 著 | |
| 分册: | ||
| 出版信息: | 北京 中共党史出版社 2006.08 |
|
| 页数: | 352页 | |
| 开本: | 23cm | |
| 丛书名: | ||
| 单 册: | ||
| 中图分类: | K264.409 | |
| 科图分类: | ||
| 主题词: | 二万五千里长征 (1934-1936)--er wan wu qian li chang zheng(1934-1936)--通俗读物 | |
| 电子资源: | ||
| ISBN: | 7-80199-535-X | |
| 000 | 00892nam0 2200229 450 | |
| 001 | 012007648484 | |
| 005 | 20070927093340.32 | |
| 010 | @a7-80199-535-X@dCNY28.00 | |
| 100 | @a20070609d2006 km y0chiy0120 ea | |
| 101 | 0 | @achi |
| 102 | @aCN@b110000 | |
| 105 | @aac z 000yy | |
| 200 | 1 | @a大长征@Ada chang zheng@e1934-1936中共中央政治斗争始末@f李庆山著@Fli qing shan zhu |
| 210 | @a北京@c中共党史出版社@d2006.08 | |
| 215 | @a352页@c图, 肖像@d23cm | |
| 330 | @a本书主要介绍了:第五此反"围剿"失败真相,长征临行时的毛泽东,中央红军参加长征的女干部,留守中央苏区的红军部队等。 | |
| 517 | 1 | @a1934-1936中共中央政治斗争始末@A1934-1936 zhong gong zhong yang zheng zhi dou zheng shi mo |
| 606 | 0 | @a二万五千里长征 (1934-1936)@Aer wan wu qian li chang zheng(1934-1936)@j通俗读物 |
| 690 | @aK264.409@v4 | |
| 701 | 0 | @a李庆山@Ali qing shan@4著 |
| 801 | 0 | @aCN@c20070927 |
| 905 | @dK264.409@eL236 | |
| 大长征:1934-1936中共中央政治斗争始末/李庆山著.-北京:中共党史出版社,2006.08 |
| 352页:图, 肖像;23cm |
| ISBN 7-80199-535-X:CNY28.00 |
| 本书主要介绍了:第五此反"围剿"失败真相,长征临行时的毛泽东,中央红军参加长征的女干部,留守中央苏区的红军部队等。 |
| ● |
| 相关链接 |
|
|
|
正题名:大长征
索取号:K264.409/L236
 
预约/预借
| 序号 | 登录号 | 条形码 | 馆藏地/架位号 | 状态 | 备注 |
| 1 | 244125 | 202441250 | 社科库309/309社科库 36排2列6层/ [索取号:K264.409/L236] | 在馆 | |
| 2 | 244126 | 202441269 | 社科库309/309社科库 36排2列6层/ [索取号:K264.409/L236] | 在馆 | |
| 3 | 244127 | 202441278 | 社科库309/ [索取号:K264.409/L236] | 在馆 |